000 00324nam a2200121Ia 4500
008 190216s9999||||xx |||||||||||||| ||und||
100 _aHugh S Taylor & Samuel Glasstone
245 0 _aTreatise On Physical Chemistry
260 _bD -van Nostrand Co.
_c1969
300 _a701p
650 _aChemistry-Chemistry
942 _cBK
999 _c1988
_d1988